000 004600000a22001810004500
003 LK-CoMWRAF
008 230817t ||||| |||| 00| 0 eng d
040 _aLK-CoMWRAF
_dLK-CoMWRAF
_eLK-CoMWRAF
041 _aeng
082 _a330
_bWOM
245 _aWomen against, Militatisation, Racism, Violence
_b
260 _aColombo
_bCSR
_c1988
300 _ap.97
490 _aLogos Vol.27 No.1
650 _ahuman rights
650 _awomen & racism
942 _cBK
999 _c2569
_d2569